Famous Liverpool Footballers by Picture - Statistics

General Stats
  • This quiz has been taken 679 times
  • The average score is 23 of 30
Answer Stats
Picture Answer % Correct
Mohamed Salah
99%
Luis Suarez
98%
Steven Gerrard
98%
Virgil van Dijk
97%
Alisson
95%
Sadio Mané
94%
Fernando Torres
93%
Trent Alexander-Arnold
93%
Roberto Firmino
92%
Jordan Henderson
90%
Andrew Robertson
89%
James Milner
88%
Xabi Alonso
87%
Fabinho
86%
Philippe Coutinho
86%
Michael Owen
85%
Ian Rush
82%
Jamie Carragher
80%
Georginio Wijnaldum
77%
Javier Mascherano
77%
Kenny Dalglish
75%
Dirk Kuyt
73%
John Arne Riise
59%
John Barnes
57%
Robbie Fowler
53%
Steve McManaman
50%
Kevin Keegan
42%
Sami Hyypia
40%
Graeme Souness
36%
Alan Hansen
22%
No matching quizzes found
Score Distribution
Percent of People with Each Score
Percentile by Number Answered
Your Score History
You have not taken this quiz